00757nai a2200181Ia 4500003000900000008004100009022002200050022002300072040001600095245008500111260008600196310001300282362002800295521006900323650003600392650005700428856009000485IN-BaIIA211028c9999 xx s 000 0 eng d a0277-6243 (Print) a2162-2140 (Online) cIIA Library 0aTransactions of the IRE Professional Group on Communications Systemsh[eJournal] aNew York, USAbThe Institute of Electrical and Electronics Engineers, Inc. (IEEE) aAnnually a1(1); 1953 - 3(1); 1955 bSubscribed through National Knowledge Resource Consortium (NKRC) a Signal Processing and Analysis aCommunication, Networking and Broadcast Technologies uhttps://ieeexplore.ieee.org/servlet/opac?punumber=8161yClick Here to Access eJournal